Top 10 Countries with the Most Airports - Statistics

General Stats
  • This quiz has been taken 25 times
  • The average score is 7 of 10
Answer Stats
Hint Answer % Correct
13 500 United States
100%
1 467 Canada
91%
1 200 Russia
91%
4 100 Brazil
83%
1 700 Mexico
83%
900 Argentina
74%
836 Colombia
61%
673 Indonesia
52%
855 Bolivia
35%
800 Paraguay
30%
No matching quizzes found
Score Distribution
Percent of People with Each Score
Percentile by Number Answered
Your Score History
You have not taken this quiz